LEADER 00659nam a2200169 i 4500 001 000000202209 003 CaOOAMICUS 005 20260408113603.0 008 110517s1852 it u000 u ita u 040 $aSeMil$bita 245 10$a2: M-Z. 300 $aP. 515-1131. 773 0 $aTommaseo, Niccolò <1802-1874>$tNuovo dizionario dei sinonimi della lingua italiana.$b2. ed. milanese, riveduta e riordinata dall'autore.$dMilano : per Giuseppe Reina, 1851-1852$gParte2$w()24948 850 $aSeMil 852 $aSeMil$W1$xVenegono$y1$m1A IV 28 FA$j152732$B152732$CSeMilBibl$Z2$F163775 $8I 996 $6245$a2: M-Z$9(OLS)http://semarc/title/425435